| 000 | 01612nam a22002897a 4500 | ||
|---|---|---|---|
| 003 | DO-SdBNP | ||
| 005 | 20211206115142.0 | ||
| 007 | ta | ||
| 008 | 211202b2018 pr a|||| |||| 00| 0 spa d | ||
| 020 | _a9789945608212 | ||
| 040 |
_aDO-SdBNP _bspa _cBNPHU |
||
| 082 | 4 |
_222 _bM953 |
|
| 245 | 0 | 0 |
_aMujer e iglesia : _buna respuesta teológica / _ceditora y compiladora ; Lydia E. Rodríguez Rodríguez ; introducción Lydia E. Rodríguez Rodríguez ; prólogo Marinés Santiago Calderón. |
| 260 |
_aSan Juan, Puerto Rico : _bIsla Negra Editores, _c2018. |
||
| 300 |
_a114 p. : _bil. ; _c22 cm. |
||
| 490 | _aVisiones y cegueras. | ||
| 500 | _aIncluye referencias bibliográficas y notas al pie de las páginas. | ||
| 500 | _aIncluye datos biográficos de la autora en la solapa de la cubierta. | ||
| 504 | _aBibliografía : p. 111-114 | ||
| 505 | 0 |
_aIntroducción -- _tPrólogo -- _tLas mujeres bíblicas y sus respuestas a la vida : cotidianidad y misión / _rDoris García Rivera -- _tPráctica pastoral de la mujer : en busca de equidad / _rMaritza Resto Rivera -- _tMujer e iglesia : una respuesta teológica desde el laicado / _rMarviliz Ávila Rodríguez -- _tMujer, iglesia y teología : un asunto de justicia / _rAgustina Luvis Núñez -- _tUna expresión de mujer / _rNydia Vélez Castro, artista plástica -- |
|
| 590 | _aInventariado, 2021 /LP | ||
| 700 | 1 |
_aLydia E. Rodríguez Rodríguez, _eed. _980799 |
|
| 700 | 1 |
_aSantiago Calderón, Marinés, _ePról. _980800 |
|
| 700 | 1 |
_aLydia E. Rodríguez Rodríguez, _eIntrod. _980799 |
|
| 830 | 0 |
_aVisiones y cegueras. _91120 |
|
| 942 |
_2ddc _cLBS1 |
||
| 999 |
_c51089 _d51089 |
||